| 000 | 00662nam a2200229 4500 | ||
|---|---|---|---|
| 001 | 45356 | ||
| 010 | _a9789896333447 | ||
| 021 | _b306872/10 | ||
| 090 | _a45356 | ||
| 100 | _a20130703d2010 c y0pory50030103ba | ||
| 101 | 0 | _apor | |
| 102 | _aPT | ||
| 200 | 1 |
_aContos para dormir _fil. Juan Vernet Gargallo _gtrad. e adapt. Ana Paula Salvador _grev. Luís Candeias |
|
| 210 | 9 |
_aSintra _cGirassol, _dD.L. 2010 |
|
| 215 |
_a520, [2] p. _cmuito il. _d18 cm |
||
| 225 | 2 | _aContos para adormecer | |
| 675 |
_a087.5 _vBN _zpor |
||
| 702 | 1 |
_93 _aVernet, _bJuan _4440 |
|
| 702 | 1 |
_aCandeias, _bLuís _4675 |
|
| 702 | 1 |
_aSalvador, _b Ana Paula _4730 |
|
| 801 | 0 |
_aPT _bBN _gRPC |
|
| 990 | _cLIVROS | ||